| 000 | 00361nam a2200121Ia 4500 | ||
|---|---|---|---|
| 008 | 220217s9999 xx 000 0 und d | ||
| 245 | 0 | _aSpecification for hot-water hose of rubber with braided textile reinforcement. | |
| 260 | _c1970 | ||
| 500 | _aStandard number: IS 5937 | ||
| 650 | _aBraided textile reinforcement | ||
| 650 | _aHot water hose | ||
| 942 | _cST | ||
| 999 |
_c73876 _d73876 |
||